000 00666nam a22001937a 4500
005 20251108165005.0
008 250721s1994 xx 000 0 ara d
082 1 4 _a658.403/جيم
100 1 _aجيماوات، بانكاج
245 1 0 _aالإلتزام و إستراتيجية إتخاذ القرارات الإدارية /
264 1 _aالقاهرة :
_bالدار الدولية للنشر والتوزيع،
_c1994.
300 _a255ص.
650 1 7 _aالإدارة
650 1 7 _aتقنيات الإدارة
650 1 7 _aالقرارات الإدارية
700 1 _aالطنبولي، سعاد
_eترجمة
942 _2ddc
_cBK
999 _c19237
_d19237